| 000 | 00403nam a2200145Ia 4500 | ||
|---|---|---|---|
| 008 | 230917s9999||||xx |||||||||||||| ||und|| | ||
| 040 |
_e63613 _aMAIN |
||
| 041 | _aEnglish | ||
| 082 | _a613.7 J636S | ||
| 100 | _aJohnson, Perry B | ||
| 245 | 0 | _aSport, exercise and you: a basic textbook for men and women | |
| 260 |
_aNew York _bHolt, Rinehart and Winston _c1975 |
||
| 300 | _aix, 86 p. | ||
| 942 | _cBK | ||
| 999 |
_c194110 _d194110 |
||